000 01103nas a2200277 4500
001 6289
003 GR-kaGGEEl
005 20220622205358.0
035 _a8994
090 _a6289
100 _a20100513b19631998k y0grey50 ga
101 0 _agre
102 _aCY
106 _ae
110 _ac||| 0|||
200 1 _aΟ Αγών [εφημερίδα]
_eμηνιαίον εθνικόν, πολιτικόν και οικονομικόν περιοδικόν
_fεκδότης Νίκος Κόσης
207 0 _aΑρ.τευχ.1 (1 Ιουλ.1963) - αρ.τευχ.12 (Ιουν. 1964), αρ.φυλ.1 (1 Ιουλ.1964) - αρ.φυλ.10278 (8 Ιουν.1998)
210 _aΛευκωσία
_d1963-1998
310 _aΗ βιβλιοθήκη διαθέτει τα εξής: 1973 - 1974
310 _aΗ εφημερίδα είναι δεμένη σε 2 τόμους μεγάλου μεγέθους.
606 1 _aΤύπος, Κυπριακός
_923970
607 _aΚύπρος
_xΕφημερίδες
_916682
676 _a079.5645
942 _cCR